书目信息 |
| 题名: |
板块构造学说和来龙去脉
|
|
| 作者: | 班武奇 , 陈树杰 编著 | |
| 分册: | ||
| 出版信息: | 北京 科学出版社 1984 |
|
| 页数: | 157页 | |
| 开本: | 19cm | |
| 丛书名: | ||
| 单 册: | ||
| 中图分类: | P541 | |
| 科图分类: | ||
| 主题词: | 大地板块构造--基本知识 , 构造地质学 | |
| 电子资源: | ||
| ISBN: | ||
| 000 | 00729nam0 2200265 45 | |
| 001 | 0184009495 | |
| 005 | 20040524093338.9 | |
| 010 | @dCNY0.82 | |
| 091 | @a13031.2597 | |
| 100 | @a19950530d1984 em y0chiy0121 ea | |
| 101 | 0 | @achi |
| 102 | @aCN@b110000 | |
| 105 | @ay z 000yy | |
| 106 | @ar | |
| 200 | 10 | @a板块构造学说和来龙去脉@Aban kuai gou zao xue shuo he lai long qu mai@f班武奇,陈树杰编著 |
| 210 | @a北京@c科学出版社@d1984 | |
| 215 | @a157页@d19cm | |
| 606 | @a大地板块构造@x基本知识 | |
| 606 | 0 | @a构造地质学 |
| 690 | @aP541 | |
| 701 | 0 | @a班武奇@Aban wu qi@4编著 |
| 701 | 0 | @a陈树杰@Achen shu jie@4编著 |
| 801 | 0 | @aCN@b上海图书馆@c20040524 |
| 801 | 2 | @aCN@bNLC@c20040524 |
| 905 | @f1@b117569@dP541@e11 | |
| 板块构造学说和来龙去脉/班武奇,陈树杰编著.-北京:科学出版社,1984 |
| 157页;19cm |
| ISBN :CNY0.82 |
| ● |
| 相关链接 |
|
|
|
|
正题名:板块构造学说和来龙去脉
索取号:P541/11
 
预约/预借
| 序号 | 登录号 | 条形码 | 馆藏地/架位号 | 状态 | 备注 |
| 1 | 0117569 | 000073486 | 第三借阅区/ [索取号:P541/11] | 在馆 | |
| 2 | 0117570 | 202108584 | 第二样本阅览室/ [索取号:P541/11] | 在馆 |